000 00595pab a2200205 454500
008 180718b2007 xxu||||| |||| 00| 0 eng d
100 _aKundu, Amitash
245 _aDynamics of labour market under globalisation: changing characteristics of informal employment in India
260 _c2007
300 _ap.201-16.
362 _aApr-Jun
650 _aEmployment - India
650 _aGlobalization - India
650 _aLabour market - India
650 _aLabour market
700 _aSarangi, Niranjan
773 _aIndian Journal of Labour Economics
908 _aN
909 _a77020
999 _c77020
_d77020